Contos / (Record no. 337)

MARC details
000 -LÍDER
campo de controle de tamanho fixo 02283nam a2200301 4500
001 - NÚMERO DE CONTROLE
campo de controle 337
003 - IDENTIFICADOR DO NÚMERO DE CONTROLE
campo de controle OSt
005 - DATA E HORÁRIO DA ÚLTIMA TRANSAÇÃO
campo de controle 20250528074018.0
008 - CAMPO DE DADOS FIXOS--INFORMAÇÃO GERAL
campo de controle de tamanho fixo 250328b |||||||g |||| 00| 1 eng d
040 ## - FONTE DA CATALOGAÇÃO
Idioma da catalogação por
041 ## - CÓDIGO DE IDIOMA
Código do idioma do original e/ou traduções intermediárias do texto fre
Código do idioma do texto/trilha sonora ou título diferente por
082 ## - CDD - CLASSIFICAÇÃO DECIMAL DE DEWEY
Número de Classificação 843
Número do exemplar V935c
100 1# - ENTRADA PRINCIPAL--NOME PESSOAL
Nome pessoal Voltaire,
Datas associadas ao nome 1694-1778
9 (RLIN) 700
245 ## - TÍTULO
Título Contos /
Indicação de responsabilidade, etc. Voltaire ; Tradução de Mario Quintana
260 ## - PUBLICAÇÃO, DISTRIBUIÇÃO, ETC.
Local de publicação, distribuição, etc. São Paulo
Nome do editor, distribuidor, etc. Abril
Data da publicação, distribuição, etc. 1972
300 ## - DESCRIÇÃO FÍSICA
Extensão 672 p.
490 1# - TÍTULO DA SÉRIE
Título da série Os imortais da Literatura Universal
Número do volume ou designação sequencial da série vol. 40
520 ## - NOTA DE RESUMO, ETC.
Resumo, etc. Em O ingênuo, um príncipe huroniano chega na França e submete-se aos costumes franceses, tornando-se católico. Para isso um abade lhe deu um exemplar do Novo Testamento. Se apaixona pela madrinha de seu batismo. O romance mostra as diferenças entre o cristianismo primitivo e eclesiástico. No romance Micrômegas, Voltaire narra a visita de um enorme habitante de Sirius a Terra. Com oito léguas de altura, e mil sentidos, essa raça costuma viver mais de dez mil anos. Sob essa perspectiva vem a tona a finitude e a pequenez da Terra e seus habitantes. O ET diz que é na Terra que a felicidade mora, se dirigindo aos humanos, átomos inteligentes e imateriais. Um filósofo humano expõem ao visitante a brutalidade da existência carniceira na Terra, provocando ira e decepção no alienígena. O filósofo o dissuade de seu impulso de matar a todos com suas passadas. Em Zadig, Voltaire conta a história de um sábio babilônio. Ao defender a sua amada, Zadig é ferido no olho. Perde a visão desse olho. A amante, Samira, comprometre-se com outro homem. Zadig casa-se com uma camponesa. Testa a fidelidade da camponesa com um amigo, fingindo-se de morto. Traído, foge para o bosque. Adquirindo sapiência, torna-se amigo e ministro do rei. A rainha se apaixona por Zadig. O rei planeja matá-los e Zadig foge. Num transe vislumbra a ordem imutável do universo. A trajetória de Zadig prossegue. Ele é feito escravo, mas depois torna-se assessor de seu senhor
650 #0 - ASSUNTO--TERMO TÓPICO
Cabeçalho tópico ou nome geográfico Literatura francesa
9 (RLIN) 122
650 #0 - ASSUNTO--TERMO TÓPICO
Cabeçalho tópico ou nome geográfico Historias curtas
9 (RLIN) 67
650 #0 - ASSUNTO--TERMO TÓPICO
Cabeçalho tópico ou nome geográfico História
9 (RLIN) 116
650 #0 - ASSUNTO--TERMO TÓPICO
Cabeçalho tópico ou nome geográfico Drama
9 (RLIN) 18
655 #0 - TERMO DE ÍNDICE--GÊNERO E FORMA
Gênero/forma/ou termo foco Conto
655 #0 - TERMO DE ÍNDICE--GÊNERO E FORMA
Gênero/forma/ou termo foco Ficção
700 ## - ENTRADA ADICIONADA - NOME PESSOAL
Nome pessoal Mário Quintana
9 (RLIN) 506
830 ## - ENTRADA SECUNDÁRIA DE SÉRIE--TÍTULO UNIFORME
Título uniforme Os Imortais da Literatura Universal
9 (RLIN) 461
Número do volume ou designação sequencial da série vol. 40
942 ## - ELEMENTOS DE ENTRADA ADICIONADOS (KOHA)
Fonte de classificação ou esquema de arquivamento Classificação decimal de Dewey
Ocultar no OPAC Não
Tipo de material Koha Livros
Holdings
Situação do descarte Situação das perdas Fonte de classificação ou esquema de arquivamento Status danificado Não pode ser emprestado Coleção Biblioteca de origem Biblioteca atual Localização na estante Data de aquisição Fonte de aquisição Total de empréstimos Número de chamada completo Código de barras Data de último acesso Data do preço efetivo Tipo de material Koha
    Classificação decimal de Dewey     Ficção Biblioteca Professor Eduardo Afonso de Castro Biblioteca Professor Eduardo Afonso de Castro Literatura Estrangeira 28.03.2025 doação   843 / V935c 2025-17291 28.03.2025 28.03.2025 Livros

Powered by Koha